000 00598nam a2200241Ia 4500
003 OSt
005 20221005115148.0
006 a|||||r|||| 00| 0
007 ta
008 221004b |||||||| |||| 00| 0 eng d
024 _a43417
037 _cTextual
040 _aCRL
_cCRL
_beng
041 _2eng
_aeng
082 _aO:1M12:9, F8
100 _aRhys Ernest
245 0 _aBrowning and his poetry
260 _c1928
490 _aPoetry and life series; 20
650 _aENGLISH LITERATURE
942 _hO:1M12:9, F8
_cTEXL
_2cc
999 _c1033612
_d1033612